Letní slunovrat /
Julie tráví své bezstarostné dětství u babičky v malé chaloupce Na samotách. Miluje přírodu, zvířata, keltské příběhy a nespoutanou svobodu. Když rodiče odlétají za prací do Ameriky, nechávají desetiletou dívku na starost babičce. Julie poznává první lásku, ale náhle musí na čas odletět do Spojených...
Uloženo v:
| Hlavní autor: | |
|---|---|
| Médium: | E-kniha |
| Jazyk: | Czech |
| Vydáno: |
Praha :
Petra Nachtmanová,
2024
|
| Tagy: |
Žádné tagy |
| LEADER | 01452nam a22002297i 4500 | ||
|---|---|---|---|
| 001 | 312429 | ||
| 007 | ta | ||
| 008 | 260601s2024 xr ||||| |||| 00| 0 cze d | ||
| 020 | |a 9990004064676 | ||
| 044 | |a xr | ||
| 100 | 1 | |a Frydrychová, Vendula |4 aut | |
| 245 | 1 | 0 | |a Letní slunovrat / |c Frydrychová, Vendula |
| 264 | 1 | |a Praha : |b Petra Nachtmanová, |c 2024 | |
| 300 | |a 1 online zdroj (192 stran) | ||
| 336 | |a text |b txt |2 rdacontent | ||
| 337 | |a bez média |b n |2 rdamedia | ||
| 338 | |a online zdroj |b cr |2 rdacarrier | ||
| 520 | 2 | |a Julie tráví své bezstarostné dětství u babičky v malé chaloupce Na samotách. Miluje přírodu, zvířata, keltské příběhy a nespoutanou svobodu. Když rodiče odlétají za prací do Ameriky, nechávají desetiletou dívku na starost babičce. Julie poznává první lásku, ale náhle musí na čas odletět do Spojených států amerických. Sice se jako dospělá vrací do Čech, ale Adam se odstěhoval neznámo kam. Seznamuje se tedy s okouzlujícím lamačem srdcí. Zlomí Honza srdce i Julii, nebo dokáže chlapce změnit? | |
| 910 | |a RBIT002 | ||
| 998 | |d 406467 |a https://core.palmknihy.cz/api/books/406467/cover?seuxxt |b https://core.palmknihy.cz/api/books/406467/cover/400?seuxxt |c https://core.palmknihy.cz/api/books/406467/cover/50?seuxxt |e |g 192 |i 9990004064676 |j https://core.palmknihy.cz/api/books/406467/preview.epub |l |q 49 |r 1 |s https://www.palmknihy.cz/kniha/406467 |t ebook |y 2024 |z 1 | ||
| 999 | |d 312427 | ||